000 01646cam a2200277 a 4500
003 OSt
005 20201014143457.0
008 030722s1998 ve ad r 000 0 spa d
020 _a9803171259
040 _aPIF
_cCO-JMCCR
_dOCLCQ
_dCO-BoPUJ
041 1 _aspa
_hger
082 0 4 _a338.9 /
_bF981e
_223
110 2 _aFundación Friedrich Ebert
_911521
245 1 0 _aEconomía social de mercado :
_bsu dimensión social /
_cFundación Friedrich Ebert ; edición Helena González
250 _aPrimera edición
260 _aCaracas :
_bNueva Sociedad,
_c1998.
300 _a398 páginas :
_bilustraciones, gráficas y tablas a blanco y negro ;
_c23 cm.
490 0 _aNueva sociedad
504 _aIncluye referencias bibliográficas : páginas 397.
505 0 _tpolítica de competencia. /
_rPeter Oesterdiekhoff --
_tPolítica coyuntural y de crecimiento. /
_rHeiner Brockman --
_tPolítica monetaria y crediticia /
_rhorst Keppler --
_tPolítica fiscal y presupuestaria /
_rRaul Shams --
_tPolítica de comercio exterior /
_rSterfan Öfner-Py --
_tPolítica de mercado laboral /
_rMichael Von hauff /
_rBeate Kruse --
_tPolítica de infraestructura /
_rMoritz Kraemer --
_tPolítica de negociación colectiva /
_rMichael Von Hauff /
_rBeate Kruse --
_tPolítica agraria /
_rUlrich Golaczinski --
_tOrdenamiento territorial y urbanismo /
_rUlrich Golaczinski --
_tPolítica industrial /
_rJörg Meyer-Stamer.
650 2 4 _aPolítica económica
_vEnsayos
_911522
650 2 4 _aDesarrollo económico
_vEnsayos
_911523
650 2 4 _aEconomía de mercado
_vEnsayos
_911524
700 1 _aGonzález, Helena,
_eeditora
_911525
942 _2ddc
_cBK
999 _c6912
_d6912